000 00738nam a2200229Ia 4500
001 15954
003 GE_BSU
008 181216s||||||||xx |||||||||||||| ||und||
040 _cGE_BSU
080 _a821.353.1-311.6
100 _aჯაყელი, ჯემალ
245 _aმუჰაჯირი
245 _bისტ. რომანი
245 _cრედ.ზ.ფირცხალაიშვილი. მხ.ავ.ლომაძე
260 _aბათუმი
260 _bსაბჭ. აჭარა
260 _c1984
300 _a203გვ. ; 20სმ. პორტრ. გარეკანზე
653 _aისტ. რომანი
653 _aმუჰაჯირი
942 _cBK
999 _c49048
_d49048